<?xml version="1.0" encoding="UTF-8"?><?xml-stylesheet type="text/xsl" href="static/style.xsl"?><OAI-PMH xmlns="http://www.openarchives.org/OAI/2.0/" xmlns:xsi="http://www.w3.org/2001/XMLSchema-instance" xsi:schemaLocation="http://www.openarchives.org/OAI/2.0/ http://www.openarchives.org/OAI/2.0/OAI-PMH.xsd"><responseDate>2026-06-29T23:32:00Z</responseDate><request verb="GetRecord" identifier="oai:docta.ucm.es:20.500.14352/130344" metadataPrefix="marc">https://docta.ucm.es/rest/oai/request</request><GetRecord><record><header><identifier>oai:docta.ucm.es:20.500.14352/130344</identifier><datestamp>2026-01-16T01:18:49Z</datestamp><setSpec>com_20.500.14352_14</setSpec><setSpec>col_20.500.14352_15</setSpec></header><metadata><record xmlns="http://www.loc.gov/MARC21/slim" xmlns:dcterms="http://purl.org/dc/terms/" xmlns:xsi="http://www.w3.org/2001/XMLSchema-instance" xmlns:doc="http://www.lyncode.com/xoai" xsi:schemaLocation="http://www.loc.gov/MARC21/slim http://www.loc.gov/standards/marcxml/schema/MARC21slim.xsd">
   <leader>00925njm 22002777a 4500</leader>
   <datafield ind2=" " ind1=" " tag="042">
      <subfield code="a">dc</subfield>
   </datafield>
   <datafield ind2=" " ind1=" " tag="720">
      <subfield code="a">Alba Lasso, Guzmán</subfield>
      <subfield code="e">author</subfield>
   </datafield>
   <datafield ind2=" " ind1=" " tag="720">
      <subfield code="a">Pereda, Ernesto</subfield>
      <subfield code="e">author</subfield>
   </datafield>
   <datafield ind2=" " ind1=" " tag="720">
      <subfield code="a">Mañas, Soledad</subfield>
      <subfield code="e">author</subfield>
   </datafield>
   <datafield ind2=" " ind1=" " tag="720">
      <subfield code="a">Méndez, Leopoldo D.</subfield>
      <subfield code="e">author</subfield>
   </datafield>
   <datafield ind2=" " ind1=" " tag="720">
      <subfield code="a">Duque, María Rosario</subfield>
      <subfield code="e">author</subfield>
   </datafield>
   <datafield ind2=" " ind1=" " tag="720">
      <subfield code="a">González, Almudena</subfield>
      <subfield code="e">author</subfield>
   </datafield>
   <datafield ind2=" " ind1=" " tag="720">
      <subfield code="a">González, Julián J.</subfield>
      <subfield code="e">author</subfield>
   </datafield>
   <datafield ind2=" " ind1=" " tag="260">
      <subfield code="c">2016-02</subfield>
   </datafield>
   <datafield ind2=" " ind1=" " tag="520">
      <subfield code="a">Objective: To assess ADHD from global measures of EEG functional connectivity and their temporal variability in different resting states. Methods: EEGs from sixteen cortical regions were recorded at rest during eyes-closed (EC) and eyes-open (EO) in 10 male combined-type ADHD subjects and 12 healthy male controls. The mean global connectivity (CM) of each region and its temporal variability (CV) were estimated from a number of EEG segments recorded in both states. Connectivity indices between regions were calculated using the magnitude squared coherence (Coh) in the delta(d)/theta(h)/alpha(a)/beta(b) frequency bands and the nonlinear index (L) of generalized synchronization. Results: The CM did not present between-group differences in any region or state. However, the CV exhibited state-independent differences between both groups (ADHD > controls) mainly in frontal and parieto-occipital regions for all indices except Coh(a). Within group, only the CV-Coh(h) of the centrotemporal region increased significantly for the ADHD subjects from EC to EO (p &lt; 0.001) and was greater than controls in EO (p &lt; 0.001). Conclusions: The CV of index-L and of Coh(h) seem to be the best state-independent and-dependent measurements, respectively, to discriminate ADHDs from control subjects using resting state EEG data. Significance: The underlying neural dysfunctions producing the ADHD seem better reflected by the CV measurements.</subfield>
   </datafield>
   <datafield ind1="8" ind2=" " tag="024">
      <subfield code="a">Alba, G., Pereda, E., Mañas, S., Méndez, L. D., Duque, M. R., González, A., &amp; González, J. J. (2016). The variability of EEG functional connectivity of young ADHD subjects in different resting states. Clinical neurophysiology, 127(2), 1321-1330. https://doi.org/10.1016/j.clinph.2015.09.134</subfield>
   </datafield>
   <datafield ind1="8" ind2=" " tag="024">
      <subfield code="a">10.1016/j.clinph.2015.09.134</subfield>
   </datafield>
   <datafield ind1="8" ind2=" " tag="024">
      <subfield code="a">https://hdl.handle.net/20.500.14352/130344</subfield>
   </datafield>
   <datafield ind1="8" ind2=" " tag="024">
      <subfield code="a">https://doi.org/10.1016/j.clinph.2015.09.134</subfield>
   </datafield>
   <datafield ind2="0" ind1="0" tag="245">
      <subfield code="a">The variability of EEG functional connectivity of young ADHD subjects in different resting states</subfield>
   </datafield>
</record></metadata></record></GetRecord></OAI-PMH>